[Event "PHI-ch op"]
[Site "Mactan City"]
[Date "2021.12.11"]
[Round "4"]
[White "Tisado, Janmyl Dilan"]
[Black "Bacojo, Mark Jay"]
[Result "0-1"]
[WhiteElo "1186"]
[BlackElo "1924"]
[PlyCount "66"]
[EventDate "2021.12.09"]
[EventType "swiss"]
[EventRounds "9"]
[EventCountry "PHI"]
[SourceTitle "CBM 205 Extra"]
[Source "ChessBase"]
[SourceDate "2022.01.31"]
[SourceVersion "1"]
[SourceVersionDate "2022.01.31"]
[SourceQuality "1"]

1. d4 Nf6 2. Nf3 g6 3. g3 Bg7 4. Bg2 0-0 5. c4 d5 6. Nbd2 c5 7. dxc5 Na6 8. c6 bxc6 9. 0-0 Nc5 10. Nd4 Qb6 11. cxd5 cxd5 12. N2b3 Nce4 13. f3 Nd6 14. Be3 Nc4 15. Bf2 Qd6 16. Qc2 Bd7 17. e4 Rac8 18. Qe2 e5 19. Nc2 Bb5 20. Ne3 Nxe3 21. Qxb5 Nxg2 22. exd5 e4 23. Kxg2 exf3+ 24. Kxf3 Rc2 25. Rad1 Rfc8 26. Rd2 Qe5 27. Re1 Qf5+ 28. Kg2 Ne4 29. Rxc2 Rxc2 30. Qe8+ Bf8 31. Qxe4 Qxf2+ 32. Kh3 Qxh2+ 33. Kg4 Qh5+ 0-1